00413nam a2200121 a 450000100100000000500170001000800410002704000250006810000400009324500610013326000770019430000200027100002797020200930031237.0110406s1946 dr 000 p spa d aDO-SdBNPbspacBNPHU1 aMoreno Jimenes, Domingo,d1894-198614aLos milenios del tercer mundo /cDomingo Moreno Jimenes. aCiudad Trujillo, República Dominicana :bLibrería Dominicana,c1946. a14 p. ;c14 cm.